Mapa vplyvov vybraných ekonomických rizík v podnikateľskom prostredí
Vplyv ekonomických rizík na podnikanie, mapa vybraných ekonomických rizík v podnikateľskom prostredí na Slovensku na základe realizovaného empirického výskumu v rokoch 2018-2019. Mapa vplyvov ekonomických rizík predstavuje významný podporný prostriedok pre orientáciu podnikateľov v oblasti ekonomick...
Salvato in:
| Autore principale: | |
|---|---|
| Altri autori: | , |
| Natura: | Capitolo di libro |
| Lingua: | slovacco |
| Soggetti: | |
| Tags: |
Nessun Tag, puoi essere il primo ad aggiungerne!!
|
MARC
| LEADER | 00000naa a2200000 4500 | ||
|---|---|---|---|
| 001 | 0277460 | ||
| 005 | 20210723122149.6 | ||
| 041 | 0 | |a slo | |
| 044 | |a SK | ||
| 245 | 1 | 0 | |a Mapa vplyvov vybraných ekonomických rizík v podnikateľskom prostredí |c Matej Masár, Mária Hudáková, Katarína Buganová |
| 520 | |a Vplyv ekonomických rizík na podnikanie, mapa vybraných ekonomických rizík v podnikateľskom prostredí na Slovensku na základe realizovaného empirického výskumu v rokoch 2018-2019. Mapa vplyvov ekonomických rizík predstavuje významný podporný prostriedok pre orientáciu podnikateľov v oblasti ekonomických rizík (riziko slabej dostupnosti finančných zdrojov, riziko vývoja úrokových sadzieb, riziko rastu cien všetkých druhov energií a riziko rastu miezd) v podnikateľskom prostredí v jednotlivých regiónoch Slovenska. | ||
| 610 | 2 | 0 | |a riziko podnikateľské |
| 610 | 2 | 0 | |a podnik |
| 610 | 2 | 0 | |a podnikanie |
| 610 | 2 | 0 | |a mapy |
| 610 | 2 | 0 | |a prostredie podnikateľské |
| 100 | 1 | |a Masár, Matej | |
| 700 | 1 | |a Hudáková, Mária | |
| 700 | 1 | |a Buganová, Katarína | |